UM Logo

Does conflict begin at home?—using family dynamics to understand the Hindu-Muslim conflict in British India : (Record no. 20695)

MARC details
000 -LEADER
fixed length control field 00925nam a22002297a 4500
003 - CONTROL NUMBER IDENTIFIER
control field OSt
005 - DATE AND TIME OF LATEST TRANSACTION
control field 20260211081940.0
008 - FIXED-LENGTH DATA ELEMENTS--GENERAL INFORMATION
fixed length control field 240820b ||||| |||| 00| 0 eng d
040 ## - CATALOGING SOURCE
Transcribing agency 0
082 ## - DEWEY DECIMAL CLASSIFICATION NUMBER
Classification number DPer 320.05 As421 April-December 2020 v. 28 n. 1-3
100 ## - MAIN ENTRY--PERSONAL NAME
Personal name Kadir, Jawad.
Relator term author.
9 (RLIN) 58463
245 ## - TITLE STATEMENT
Title Does conflict begin at home?—using family dynamics to understand the Hindu-Muslim conflict in British India :
Remainder of title 1907-1947 /
Statement of responsibility, etc. Jawad Kadir and Majida Jawad.
260 ## - PUBLICATION, DISTRIBUTION, ETC. (IMPRINT)
Place of publication, distribution, etc. United Kingdom ;
Name of publisher, distributor, etc. Taylor & Francis Group ,
Date of publication, distribution, etc. August 2020.
300 ## - PHYSICAL DESCRIPTION
Extent Volume 28, pages 71-96 :
Dimensions 26 cm.
500 ## - GENERAL NOTE
General note Asian Journal of Political Science, vol. 28, no. 2, pages 71-96, August 2020.
650 #0 - SUBJECT ADDED ENTRY--TOPICAL TERM
Topical term or geographic name as entry element British India.
9 (RLIN) 67008
650 #0 - SUBJECT ADDED ENTRY--TOPICAL TERM
Topical term or geographic name as entry element Hindu-Muslim conflict.
9 (RLIN) 67009
650 #0 - SUBJECT ADDED ENTRY--TOPICAL TERM
Topical term or geographic name as entry element Psycho-cultural analysis.
9 (RLIN) 67010
700 ## - ADDED ENTRY--PERSONAL NAME
Personal name Kadir, Jawad.
Relator term author.
9 (RLIN) 58463
700 ## - ADDED ENTRY--PERSONAL NAME
Personal name Jawad, Majida.
Relator term author.
9 (RLIN) 58464
942 ## - ADDED ENTRY ELEMENTS (KOHA)
Source of classification or shelving scheme Dewey Decimal Classification
Koha item type Periodicals
Holdings
Withdrawn status Lost status Source of classification or shelving scheme Damaged status Not for loan Collection code Home library Current library Date acquired Total Checkouts Full call number Date last seen Price effective from Koha item type Public note
    Dewey Decimal Classification     Periodicals UM Digos College - LIC UM Digos College - LIC 08/20/2024   DPer 320.05 As421 April-December 2020 v. 28 n. 1-3 08/20/2024 08/20/2024 Periodicals Periodical Article